| 000 | 00400cam a2200169ua 4500 | ||
|---|---|---|---|
| 020 | _c1.25 | ||
| 041 |
_amal _h |
||
| 082 |
_a894.812308 _bCHE/AR |
||
| 100 | _aCheckov, . | ||
| 245 |
_aAram number ward / _cCheckov. _hTextual Documents |
||
| 260 |
_aEranakulam : _bPrabhath Book House , _c1957. |
||
| 300 | _a135 ; . | ||
| 365 | _a1.25 | ||
| 504 | _a | ||
| 942 | _cBK | ||
| 999 |
_c4278 _d4278 |
||